000 00797nas a2200241 4500
001 BR7902412
003 BR-BrBNA
005 20231205083709.0
007 ta
008 230509b bl.|||p| |||| 00| 00por d
040 _aBR-BrBNA
_bpor
_cBiblioteca Nacional de Agricultura
041 _a(Pt)
072 _aF00; F60
100 1 _aSouza, F.C. de A. e
245 1 _aClassificacao da semente de soja (Glycine max (L.)Merril)na mesa de gravidade e sua relacao com a qualidade fisiologica e a produtividade [poder germinativo]
650 _aSOJA
650 _aSEMENTE
650 _aPODER GERMINATIVO
650 _aBENEFICIAMENTO
773 0 _tTrigo e Soja (Brazil)
_xISSN 0100-5456
_g(Mar 1979), (no. 40) p. 2-19
_wBR7902412
909 _a202311
_bLúcia
_c55
_dLúcia Elande
942 _2AGRIS
_n0
_cANA
999 _c100636
_d100636